Days Of The Week In 15 seconds - Statistics

General Stats
  • This quiz has been taken 70 times
  • The average score is 3 of 7
Answer Stats
Answer % Correct
Monday
97%
Tuesday
97%
Sunday
42%
Saturday
24%
Thursday
24%
Friday
21%
Wendsday
3%
No matching quizzes found
Score Distribution
Percent of People with Each Score
Percentile by Number Answered
Your Score History
You have not taken this quiz